Brincando a brincadeira com a criança deficiente (Registo nº 200466)

Detalhes MARC
000 -Etiqueta do registo
Valores 00571nam 22002053 4500
010 ## - Número ISBN
ISBN 85-204-1405-2
021 ## - Número do Depósito Legal
Código do país Portugal
100 ## - Dados gerais de processamento
Dados gerais 20260209d u||y0pory50 ba
200 ## - Titulo e menção de responsabilidade
Título próprio Brincando a brincadeira com a criança deficiente
Informação de outro título novos rumos terapêuticos
Primeira menção de responsabilidade Marlene V. Lorenzini
205 ## - Menção da edição
Edição
210 ## - Publicação
Local de publicação Brasil
Nome do editor Manole
Data de publicação 2002
215 ## - Descrição física 
Paginação / Volumes 134, [8] p.
Outras indicações físicas brochado
Dimensões 23 cm
606 ## - Nome comum usado como assunto
ID Autoridade 927
Palavra de ordem Medicina
675 ## - CDU
Notação 615.8
Edição BR
Língua por
700 ## - Autor principal (pessoa individual)
ID Autoridade 16258
Apelido Lorenzini
Nome Marlene V.
801 ## - Fonte de origem
País PT
Agência BMMN
Regras de catalogação RPC
830 ## - Notas gerais do catalogador
Criado por Ana
Indexado por Ana
990 ## - Elementos KOHA
Tipo de documento Livro
Exemplares
Situação do levantamento Biblioteca de origem Código de barras Cota Permissão de empréstimo Tipo de documento Forma de aquisição
  Biblioteca Municipal de Montemor-o-Novo 29646 61 LOR|DEP   Livro Compra

Powered by Koha